[Event "12sen.WM-H Naumburg"]
[Site "Naumburg/Saale(20.10.-03.11.)"]
[Date "2002.10.24"]
[Round "4"]
[White "Zakhvatov, Vladimir"]
[Black "Gurgenidze, Bukhuti"]
[Result "0-1"]
[WhiteElo "2314"]
[BlackElo "2198"]
[PlyCount "76"]
[EventDate "2002.11.??"]

1. d4 Nf6 2. c4 e6 3. Nf3 Nc6 4. g3 d5 5. Bg2 dxc4 6. O-O Rb8 7. Qc2 b5 8. e4
Be7 9. Nc3 O-O 10. h4 Nb4 11. Qb1 Nd3 12. e5 Nd5 13. Nxd5 exd5 14. Rd1 Bf5 15.
Bg5 h6 16. Bxe7 Qxe7 17. Ne1 Qd7 18. Nxd3 Bxd3 19. Qc1 c6 20. Kh2 Qg4 21. Qe3
Qe2 22. Rd2 Qxe3 23. fxe3 f6 24. exf6 Rxf6 25. g4 Re8 26. Re1 Rfe6 27. e4 dxe4
28. Re3 Rd6 29. Kg3 Rxd4 30. Rf2 Rf8 31. Rxf8+ Kxf8 32. Kf4 b4 33. Ke5 c5 34.
h5 c3 35. bxc3 bxc3 36. g5 c2 37. Re1 Rb4 38. gxh6 gxh6 0-1

[Event "12sen.WM-H Naumburg"]
[Site "Naumburg/Saale(20.10.-03.11.)"]
[Date "2002.10.24"]
[Round "4"]
[White "Zhukov, Viktor"]
[Black "Schober, Manfred"]
[Result "1-0"]
[WhiteElo "2220"]
[BlackElo "2047"]
[PlyCount "47"]
[EventDate "2002.11.??"]

1. e4 e5 2. Nf3 Nc6 3. Bb5 f5 4. d4 fxe4 5. Nxe5 Nxe5 6. dxe5 c6 7. Nc3 cxb5 8.
Nxe4 d5 9. exd6 Nf6 10. Bg5 Qa5+ 11. Nc3 b4 12. Bxf6 gxf6 13. Nd5 Kf7 14. Qf3
Bg7 15. O-O Be6 16. Nc7 Rad8 17. Nxe6 Kxe6 18. Qxb7 Rhg8 19. Rad1 Qb6 20. Rfe1+
Kf5 21. Qe4+ Kg5 22. Rd5+ Kh6 23. Qh4+ Kg6 24. Qh5# 1-0

[Event "12sen.WM-H Naumburg"]
[Site "Naumburg/Saale(20.10.-03.11.)"]
[Date "2002.10.24"]
[Round "4"]
[White "Zoltek, Tadeuz"]
[Black "Malinichev, Konstantin"]
[Result "1-0"]
[WhiteElo "2317"]
[BlackElo "2264"]
[PlyCount "89"]
[EventDate "2002.11.??"]

1. c4 e5 2. Nc3 d6 3. g3 Nc6 4. Bg2 g6 5. Nf3 Bg7 6. O-O Nge7 7. d3 O-O 8. Bd2
h6 9. Rb1 Be6 10. b4 Qd7 11. b5 Nd8 12. c5 d5 13. Qa4 d4 14. c6 bxc6 15. Ne4
cxb5 16. Rxb5 Bd5 17. Bxh6 Bc6 18. Bxg7 Kxg7 19. Qa6 f5 20. Nxe5 Bxb5 21. Nxd7
Bxa6 22. Nec5 c6 23. Nxf8 Bxd3 24. Nfe6+ Nxe6 25. Nxe6+ Kf6 26. Nxd4 Bc4 27.
Nxc6 Nxc6 28. Bxc6 Rc8 29. Bb7 Rb8 30. Rc1 Bxa2 31. Ra1 Bc4 32. Ba6 Bd5 33. Bd3
Rb7 34. Ra6+ Kg7 35. f3 Re7 36. Kf2 Be6 37. h4 Bc8 38. Ra5 Kf6 39. Ba6 Be6 40.
Bd3 Bc8 41. Rc5 Bb7 42. h5 Rf7 43. hxg6 Kxg6 44. g4 Bc8 45. Rxc8 1-0

[Event "12sen.WM-H Naumburg"]
[Site "Naumburg/Saale(20.10.-03.11.)"]
[Date "2002.10.25"]
[Round "5"]
[White "Bleher, Walter"]
[Black "Badestein, Hartmut"]
[Result "1-0"]
[WhiteElo "1912"]
[BlackElo "2122"]
[PlyCount "139"]
[EventDate "2002.11.??"]

1. e4 c5 2. Nc3 e6 3. g3 d5 4. d3 d4 5. Nce2 Nc6 6. f4 Nf6 7. h3 Be7 8. Nf3 h5
9. Bg2 Qc7 10. Bd2 Bd7 11. c3 Qb6 12. Qb3 dxc3 13. bxc3 Qc7 14. Rb1 b6 15. Ng5
Rd8 16. Qc2 Bc8 17. Rd1 Bb7 18. Be3 Nh7 19. Nxh7 Rxh7 20. d4 cxd4 21. cxd4 Qd7
22. O-O Rh8 23. f5 Na5 24. fxe6 Qxe6 25. Rf5 Rc8 26. Qb2 Qc4 27. Rf2 Qc2 28.
Qxc2 Rxc2 29. Nf4 Rxf2 30. Kxf2 h4 31. g4 Kd7 32. Rc1 Rc8 33. Rxc8 Kxc8 34. d5
Bd6 35. Bf1 Kc7 36. Kf3 a6 37. Ng2 Be7 38. Bf4+ Kd7 39. g5 f5 40. gxf6 Bxf6 41.
Kg4 b5 42. Nxh4 Nc4 43. Nf3 Bb2 44. h4 a5 45. Kf5 Ke7 46. Bg5+ Kf7 47. Bf4 Bc8+
48. Kg5 Bf6+ 49. Kh5 g6+ 50. Kh6 Bg7+ 51. Kh7 Bf6 52. e5 Bf5 53. Ng5+ Bxg5 54.
hxg5 Be4 55. d6 Bf5 56. Bg2 Nb6 57. Be3 Nd7 58. Bd5+ Be6 59. Bxe6+ Kxe6 60. Bd4
Kf7 61. e6+ Kxe6 62. Kxg6 Kxd6 63. Kf5 Kd5 64. g6 Kxd4 65. g7 Ne5 66. Ke6 Nc4
67. g8=Q Kc3 68. Qg7+ Kb4 69. Kd5 a4 70. Qe7+ 1-0

[Event "12sen.WM-H Naumburg"]
[Site "Naumburg/Saale(20.10.-03.11.)"]
[Date "2002.10.25"]
[Round "5"]
[White "Boehnisch, Manfred"]
[Black "Chernikov, Oleg_L"]
[Result "1/2-1/2"]
[WhiteElo "2365"]
[BlackElo "2464"]
[PlyCount "56"]
[EventDate "2002.11.??"]

1. e4 c5 2. Nf3 g6 3. c3 d5 4. exd5 Qxd5 5. d4 Bg7 6. Na3 cxd4 7. Nb5 Na6 8.
Be3 Bd7 9. a4 Nh6 10. Nfxd4 Ng4 11. Nc2 Qe5 12. Be2 Nxe3 13. Nxe3 Nc5 14. Nc4
Qb8 15. Qd5 Ne6 16. Bf3 Bc6 17. Qd1 O-O 18. Bxc6 bxc6 19. Nba3 Nc5 20. O-O Qb3
21. Qxb3 Nxb3 22. Rad1 Nc5 23. a5 Rab8 24. Nc2 Na4 25. Nb4 Nxb2 26. Nxb2 Bxc3
27. Nxc6 Rxb2 28. Nxe7+ Kg7 1/2-1/2

[Event "12sen.WM-H Naumburg"]
[Site "Naumburg/Saale(20.10.-03.11.)"]
[Date "2002.10.25"]
[Round "5"]
[White "Bogorad, Michail"]
[Black "Ljubarskij, Jurij"]
[Result "1/2-1/2"]
[WhiteElo "2197"]
[BlackElo "2317"]
[PlyCount "77"]
[EventDate "2002.11.??"]

1. e4 e5 2. Nf3 Nc6 3. Bb5 a6 4. Ba4 Nf6 5. Bxc6 dxc6 6. d3 Nd7 7. Nbd2 Bd6 8.
Nc4 O-O 9. Ne3 Re8 10. Qe2 Nf8 11. Bd2 Ne6 12. Nf5 Nf4 13. Bxf4 exf4 14. Nxd6
cxd6 15. O-O-O Qa5 16. a3 Bg4 17. Qd2 Qxd2+ 18. Kxd2 Bxf3 19. gxf3 Re6 20. Rdg1
Rg6 21. Rg4 Rxg4 22. fxg4 f6 23. h4 Kf7 24. Ke2 Ke6 25. Kf3 Ke5 26. c3 c5 27.
g5 Rd8 28. Rd1 d5 29. d4+ cxd4 30. cxd4+ Ke6 31. Kxf4 fxg5+ 32. hxg5 Rf8+ 33.
Ke3 dxe4 34. d5+ Kd6 35. Rh1 Kxd5 36. Rxh7 Rf3+ 37. Ke2 Rf7 38. g6 Re7 39. Rh5+
1/2-1/2

[Event "12sen.WM-H Naumburg"]
[Site "Naumburg/Saale(20.10.-03.11.)"]
[Date "2002.10.25"]
[Round "5"]
[White "Dahlhaus, Friedhelm"]
[Black "Kachar, Vladimir"]
[Result "0-1"]
[WhiteElo "2233"]
[BlackElo "2373"]
[PlyCount "100"]
[EventDate "2002.11.??"]

1. e4 c5 2. Nf3 e6 3. d4 cxd4 4. Nxd4 Nc6 5. Nc3 Qc7 6. f4 a6 7. Be3 b5 8. Bd3
Bb7 9. Nxc6 Qxc6 10. Qd2 Nf6 11. e5 b4 12. exf6 bxc3 13. Qxc3 Qxc3+ 14. bxc3
gxf6 15. Kf2 Bd6 16. Rab1 Bc6 17. Rhd1 Ke7 18. g3 Rhc8 19. c4 f5 20. Bd4 Ba4
21. Rb2 Bc5 22. Ke3 Bd6 23. Kf2 Bc6 24. Re1 Kf8 25. Rg1 h5 26. h3 Ke7 27. Re1
h4 28. gxh4 Bxf4 29. Bxf5 Rg8 30. Bh7 Bg3+ 31. Ke2 Bxe1 32. Bxg8 Bxh4 33. Bh7
f5 34. Rb1 Bf6 35. c3 Rh8 36. Bg6 Be4 37. Rg1 Bxd4 38. cxd4 Rxh3 39. c5 Bf3+
40. Kf2 Bg4 41. d5 Rh8 42. dxe6 dxe6 43. Rb1 Kf6 44. Rb6 Kxg6 45. Rxe6+ Kg5 46.
Rxa6 Rh2+ 47. Ke3 f4+ 48. Kd4 f3 49. Ra8 f2 50. Rf8 Bf5 0-1

[Event "12sen.WM-H Naumburg"]
[Site "Naumburg/Saale(20.10.-03.11.)"]
[Date "2002.10.25"]
[Round "5"]
[White "Gaspariants, Garry"]
[Black "Klundt, Klaus"]
[Result "1-0"]
[WhiteElo "2240"]
[BlackElo "2385"]
[PlyCount "87"]
[EventDate "2002.11.??"]

1. e4 c5 2. Nf3 Nc6 3. Bb5 g6 4. Bxc6 dxc6 5. d3 Bg7 6. Nc3 Nf6 7. Be3 b6 8. h3
O-O 9. Qd2 e5 10. Nxe5 Nxe4 11. dxe4 Qxd2+ 12. Bxd2 Bxe5 13. O-O-O Bd4 14. f4
Be6 15. Rde1 Rfe8 16. e5 f5 17. exf6 Bd5 18. Nxd5 cxd5 19. Bc3 Rxe1+ 20. Rxe1
Bxc3 21. bxc3 Kf7 22. Re7+ Kxf6 23. Rxh7 Re8 24. Rxa7 Re3 25. Kb2 Rg3 26. Rb7
Rxg2 27. Rxb6+ Kf5 28. Rb5 Rh2 29. Rxc5 Rxh3 30. c4 Kxf4 31. cxd5 g5 32. d6 Rh8
33. d7 Rd8 34. Rd5 g4 35. Rd4+ Kg3 36. Rd3+ Kf2 37. c4 g3 38. c5 g2 39. Rd2+
Kf3 40. Rxg2 Rxd7 41. Rc2 Ke4 42. Kb3 Kd3 43. c6 Rc7 44. Rc4 1-0

[Event "12sen.WM-H Naumburg"]
[Site "Naumburg/Saale(20.10.-03.11.)"]
[Date "2002.10.25"]
[Round "5"]
[White "Gurgenidze, Bukhuti"]
[Black "Shestoperov, Alexej"]
[Result "0-1"]
[WhiteElo "2198"]
[BlackElo "2464"]
[PlyCount "54"]
[EventDate "2002.11.??"]

1. e4 c5 2. Nf3 e6 3. Nc3 a6 4. d4 cxd4 5. Nxd4 Qc7 6. Bd3 Nf6 7. Qe2 d6 8. O-O
g6 9. Bf4 Nh5 10. Be3 Bg7 11. f4 O-O 12. Bc4 Nc6 13. Nxc6 bxc6 14. Bb3 a5 15.
f5 exf5 16. exf5 d5 17. Bc5 Ba6 18. Qf3 Bxf1 19. Bxf8 Rxf8 20. Rxf1 Bxc3 21.
Qxc3 a4 22. fxg6 hxg6 23. Bxd5 Qb6+ 24. Kh1 cxd5 25. b3 d4 26. Qc4 axb3 27.
axb3 Kg7 0-1

[Event "12sen.WM-H Naumburg"]
[Site "Naumburg/Saale(20.10.-03.11.)"]
[Date "2002.10.25"]
[Round "5"]
[White "Hohler, Peter"]
[Black "Rosen, Willy"]
[Result "1-0"]
[WhiteElo "2210"]
[BlackElo "2336"]
[PlyCount "93"]
[EventDate "2002.11.??"]

1. c4 Nf6 2. Nc3 e5 3. Nf3 Nc6 4. e3 Be7 5. d4 d6 6. Be2 O-O 7. O-O Re8 8. b3
Bf8 9. Bb2 Bf5 10. d5 Nb8 11. Nd2 Na6 12. e4 Bg6 13. f3 Nh5 14. g3 Qg5 15. Rf2
c6 16. Bc1 f5 17. exf5 Bxf5 18. Nde4 Qg6 19. Kh1 Nf6 20. Nxf6+ Qxf6 21. Be3 Nc7
22. Bd3 cxd5 23. Bxf5 d4 24. Be4 dxe3 25. Re2 Rab8 26. Rxe3 Kh8 27. Nd5 Nxd5
28. Qxd5 b6 29. a4 a5 30. Rd1 Rec8 31. Qd3 g6 32. Qe2 Rc7 33. Red3 Be7 34. Rd5
Rc5 35. Qe1 Kg7 36. Kg2 Rbc8 37. Qe3 Rb8 38. Rf1 Rf8 39. Rd2 h6 40. Bd5 Qg5 41.
Qc3 Qf6 42. Rdf2 Bd8 43. Qe3 Qg5 44. f4 exf4 45. Rxf4 Bf6 46. Qe6 Rc7 47. Rxf6
1-0

[Event "12sen.WM-H Naumburg"]
[Site "Naumburg/Saale(20.10.-03.11.)"]
[Date "2002.10.25"]
[Round "5"]
[White "Igney, Volkhard"]
[Black "Baumgartner, Heinz"]
[Result "1-0"]
[WhiteElo "2254"]
[BlackElo "2398"]
[PlyCount "67"]
[EventDate "2002.11.??"]

1. d4 Nf6 2. c4 d6 3. Nc3 Nbd7 4. Nf3 e5 5. e4 c6 6. Be2 Be7 7. O-O O-O 8. Qc2
Qc7 9. h3 Re8 10. Be3 Nf8 11. Rfd1 Bd7 12. Bf1 Ng6 13. Rac1 Nh5 14. b4 Rf8 15.
c5 exd4 16. Bxd4 dxc5 17. Bxc5 Bxc5 18. bxc5 Nhf4 19. Ne2 Rad8 20. Qa4 Nxe2+
21. Bxe2 Nf4 22. Bf1 b5 23. cxb6 axb6 24. e5 Ne6 25. Qh4 Nc5 26. Rd6 Be6 27.
Ng5 Bf5 28. g4 Bg6 29. Rxg6 h6 30. Rxh6 gxh6 31. Qxh6 Rfe8 32. Bc4 Rd5 33. Bxd5
cxd5 34. Nh7 1-0

[Event "12sen.WM-H Naumburg"]
[Site "Naumburg/Saale(20.10.-03.11.)"]
[Date "2002.10.25"]
[Round "5"]
[White "Jugow, Alexander"]
[Black "Hecht, Hans_Joachim"]
[Result "1/2-1/2"]
[WhiteElo "2242"]
[BlackElo "2390"]
[PlyCount "110"]
[EventDate "2002.11.??"]

1. d4 Nf6 2. c4 e6 3. Nc3 Bb4 4. e3 O-O 5. a3 Bxc3+ 6. bxc3 b6 7. Bd3 d5 8.
cxd5 exd5 9. Ne2 c5 10. O-O Ba6 11. Bxa6 Nxa6 12. f3 Re8 13. Ng3 Qc8 14. Ra2
Nc7 15. Re2 cxd4 16. cxd4 Nb5 17. Qe1 Qc3 18. Qxc3 Nxc3 19. Rc2 Rac8 20. Nf5
Rc7 21. Bb2 g6 22. Rxc3 Rxc3 23. Bxc3 gxf5 24. Kf2 Rc8 25. Rc1 Ne8 26. Bd2 Rxc1
27. Bxc1 Nd6 28. Kg3 f6 29. a4 Kf7 30. Kf4 Ke6 31. g4 fxg4 32. Kxg4 b5 33. axb5
Nxb5 34. Bd2 Nd6 35. Bc3 a5 36. Bxa5 Nc4 37. Bd8 Nxe3+ 38. Kh5 Nf5 39. Bb6 Kf7
40. Bc5 Kg7 41. Kg4 Kg6 42. Kf4 Ng7 43. Ke3 Ne6 44. Bd6 Kf7 45. Bg3 Ke8 46. Bh4
f5 47. Bf6 Kd7 48. Be5 Kc6 49. h4 Kb5 50. Kd3 Kb4 51. Bd6+ Kb3 52. Be5 h5 53.
Bf6 Nf4+ 54. Ke3 Ng6 55. Kd3 Nf4+ 1/2-1/2

[Event "12sen.WM-H Naumburg"]
[Site "Naumburg/Saale(20.10.-03.11.)"]
[Date "2002.10.25"]
[Round "5"]
[White "Karasev, Vladimir"]
[Black "Petkevitch, Josef"]
[Result "1/2-1/2"]
[WhiteElo "2450"]
[BlackElo "2439"]
[PlyCount "83"]
[EventDate "2002.11.??"]

1. Nf3 Nf6 2. g3 g6 3. Bg2 Bg7 4. O-O O-O 5. d4 d6 6. c4 Nc6 7. Nc3 a6 8. d5
Na5 9. Nd2 c5 10. Qc2 Rb8 11. b3 b5 12. Bb2 bxc4 13. bxc4 Bh6 14. f4 e5 15. Nd1
exf4 16. gxf4 Nh5 17. e3 Bg4 18. Nf2 Bf5 19. Be4 Bxe4 20. Nfxe4 Re8 21. Rae1 f5
22. Ng3 Nf6 23. Bc3 Bg7 24. Qa4 Nb7 25. Qxa6 Nxd5 26. Bxg7 Nb4 27. Qa4 Kxg7 28.
a3 Nd3 29. Re2 Na5 30. Qc2 Nb2 31. Qc3+ Kf7 32. e4 Nc6 33. exf5 Rxe2 34. fxg6+
hxg6 35. Nxe2 Qa5 36. Qc2 Qxa3 37. Qe4 Ne7 38. Nf3 Qd3 39. Ng5+ Ke8 40. Rb1
Qxe4 41. Nxe4 Kd7 42. Nd2 1/2-1/2

[Event "12sen.WM-H Naumburg"]
[Site "Naumburg/Saale(20.10.-03.11.)"]
[Date "2002.10.25"]
[Round "5"]
[White "Kelchner, Hans"]
[Black "Jaeger, Erich[30Neust]"]
[Result "0-1"]
[WhiteElo "2019"]
[BlackElo "1898"]
[PlyCount "66"]
[EventDate "2002.11.??"]

1. d4 f5 2. c4 Nf6 3. Nc3 g6 4. g3 Bg7 5. Bg2 c6 6. e3 O-O 7. b3 d6 8. Nge2 e5
9. dxe5 dxe5 10. Ba3 Qxd1+ 11. Rxd1 Re8 12. O-O e4 13. Rd2 Nbd7 14. Bd6 Ng4 15.
Rfd1 Nge5 16. h3 Nf7 17. Ba3 Nde5 18. Nd4 Nf3+ 19. Bxf3 exf3 20. Na4 f4 21.
gxf4 Bxd4 22. Rxd4 Bxh3 23. Nc5 g5 24. Kh2 gxf4 25. Rg1+ Bg2 26. Rxf4 Ne5 27.
Ne4 Re6 28. Nf6+ Rxf6 29. Rh4 Rg6 30. Rd1 Ng4+ 31. Kg1 Re8 32. Rd4 Nh6 33. Rd7
Bh3+ 0-1

[Event "12sen.WM-H Naumburg"]
[Site "Naumburg/Saale(20.10.-03.11.)"]
[Date "2002.10.25"]
[Round "5"]
[White "Kosanski, Stanko"]
[Black "Donchenko, Anatoli"]
[Result "1/2-1/2"]
[WhiteElo "2386"]
[BlackElo "2448"]
[PlyCount "84"]
[EventDate "2002.11.??"]

1. e4 c5 2. Nf3 d6 3. d4 cxd4 4. Nxd4 Nf6 5. Nc3 a6 6. a4 e6 7. g3 b6 8. Bg2
Bb7 9. O-O Qc7 10. h3 Be7 11. g4 h6 12. f4 Nc6 13. Be3 Nd7 14. f5 Nxd4 15. Bxd4
O-O 16. Qd2 Bf6 17. Kh1 Rad8 18. Rad1 Bxd4 19. Qxd4 Ne5 20. Rf2 Qc5 21. Qxc5
bxc5 22. b3 Rd7 23. Kh2 Rb8 24. Rfd2 Rbd8 25. Kg3 Kf8 26. Ne2 Ke7 27. Nf4 Bc6
28. Nd3 c4 29. fxe6 fxe6 30. Nxe5 dxe5 31. Rxd7+ Rxd7 32. Rxd7+ Bxd7 33. a5
cxb3 34. cxb3 Bb5 35. Bf3 g5 36. h4 Kd6 37. hxg5 hxg5 38. b4 Kc6 39. Bd1 Bc4
40. Ba4+ Bb5 41. Bb3 Bd3 42. Ba4+ Bb5 1/2-1/2

[Event "12sen.WM-H Naumburg"]
[Site "Naumburg/Saale(20.10.-03.11.)"]
[Date "2002.10.25"]
[Round "5"]
[White "Kraidman, Yair"]
[Black "Hobusch, Werner"]
[Result "1-0"]
[WhiteElo "2314"]
[BlackElo "2160"]
[PlyCount "135"]
[EventDate "2002.11.??"]

1. d4 Nf6 2. c4 e5 3. dxe5 Ng4 4. Bf4 Nc6 5. Nf3 Bb4+ 6. Nbd2 Qe7 7. a3 Ngxe5
8. Nxe5 Nxe5 9. e3 Bxd2+ 10. Qxd2 d6 11. Be2 O-O 12. O-O b6 13. Rfd1 Bb7 14.
Bg3 a5 15. Qc3 Nd7 16. b4 axb4 17. axb4 Qf6 18. Qxf6 Nxf6 19. c5 bxc5 20. bxc5
Rxa1 21. Rxa1 Ne4 22. cxd6 Nxg3 23. hxg3 cxd6 24. Ra7 Rb8 25. f3 g6 26. g4 h6
27. Kf2 Kg7 28. e4 d5 29. e5 Bc8 30. Ra2 f6 31. Ra7+ Rb7 32. exf6+ Kxf6 33.
Ra6+ Kf7 34. Rc6 Bd7 35. Rd6 Be6 36. Bd3 Ke7 37. Ra6 g5 38. Ke3 Rb2 39. Kd4 Rd2
40. Ra7+ Kf8 41. Rh7 Rxg2 42. Rxh6 Bxg4 43. fxg4 Rxg4+ 44. Kxd5 Rh4 45. Rb6 g4
46. Ke5 Ke7 47. Rb7+ Kd8 48. Bf5 g3 49. Rg7 g2 50. Rxg2 Kc7 51. Rc2+ Kb6 52.
Be6 Kb5 53. Bd5 Kb4 54. Rc8 Ka3 55. Be4 Kb4 56. Kd4 Rh5 57. Rg8 Ka5 58. Bd5 Kb6
59. Rg6+ Kb5 60. Bc4+ Kb4 61. Rb6+ Ka5 62. Rb2 Ka4 63. Rb8 Ka5 64. Bd5 Ka4 65.
Kc5 Ka3 66. Rb3+ Ka4 67. Rg3 Rf5 68. Rg2 1-0

[Event "12sen.WM-H Naumburg"]
[Site "Naumburg/Saale(20.10.-03.11.)"]
[Date "2002.10.25"]
[Round "5"]
[White "Krieger, Hermann"]
[Black "Katalymov, Boris"]
[Result "1/2-1/2"]
[WhiteElo "2237"]
[BlackElo "2378"]
[PlyCount "121"]
[EventDate "2002.11.??"]

1. e4 c5 2. Nf3 Nc6 3. d4 cxd4 4. Nxd4 Nf6 5. Nc3 d6 6. Bg5 Bd7 7. Qd2 Nxd4 8.
Qxd4 Qa5 9. Bd2 e5 10. Qe3 a6 11. Bd3 Rc8 12. O-O h5 13. Kh1 h4 14. h3 Be7 15.
f4 Qc5 16. Qxc5 Rxc5 17. Be3 Rc8 18. Kh2 Nh5 19. Nd5 exf4 20. Bxf4 Nxf4 21.
Nxe7 Kxe7 22. Rxf4 g5 23. Rf2 g4 24. hxg4 Bxg4 25. Raf1 Be6 26. Rf3 Rc5 27. a4
Rh6 28. R1f2 a5 29. Rf4 Re5 30. c3 f6 31. Bb5 Rg5 32. Rd2 Rg4 33. Rxg4 Bxg4 34.
b4 b6 35. Bc6 Rh8 36. Bd5 Rc8 37. c4 Bd7 38. bxa5 bxa5 39. Rb2 Rc7 40. Rb8 Bxa4
41. Rh8 Be8 42. Rxh4 a4 43. Rh7+ Kd8 44. Rh6 Ra7 45. Rxf6 a3 46. Rf1 Kc7 47.
Kg3 Kb6 48. Kf4 Kc5 49. Ke3 Rg7 50. Rf2 Ba4 51. Kf4 Bb3 52. g4 Ra7 53. Rf1 Bxc4
54. Rc1 Ra4 55. Kf5 a2 56. Bxc4 Rxc4 57. Ra1 Rc2 58. g5 Rg2 59. Ke6 Kb4 60.
Kxd6 Kb3 61. e5 1/2-1/2

[Event "12sen.WM-H Naumburg"]
[Site "Naumburg/Saale(20.10.-03.11.)"]
[Date "2002.10.25"]
[Round "5"]
[White "Kristiansen, Erling"]
[Black "Klovans, Janis"]
[Result "0-1"]
[WhiteElo "2257"]
[BlackElo "2417"]
[PlyCount "96"]
[EventDate "2002.11.??"]

1. e4 e5 2. Nf3 Nc6 3. Bb5 a6 4. Ba4 d6 5. c3 Nf6 6. d3 g6 7. Nbd2 Bg7 8. Nf1
O-O 9. Ng3 h6 10. O-O b5 11. Bc2 d5 12. Qe2 Re8 13. h3 Be6 14. Rd1 Qe7 15. b3
Rad8 16. Bb2 Nd7 17. d4 Nb6 18. Rac1 exd4 19. cxd4 dxe4 20. Bxe4 Bd5 21. Re1
Qd7 22. Qc2 Nb4 23. Qxc7 Qxc7 24. Rxc7 Nxa2 25. Bxd5 Rxe1+ 26. Nxe1 Nxd5 27.
Ra7 Nab4 28. Ne2 Rc8 29. Kf1 Rc6 30. Ra8+ Kh7 31. Ra7 Rc7 32. Rxc7 Nxc7 33. Nf4
g5 34. Nfd3 Ncd5 35. Ke2 Kg6 36. g3 f5 37. Nf3 Kf7 38. Nfe5+ Bxe5 39. Nxe5+ Ke6
40. Kd2 Ne7 41. Ba3 Nec6 42. Nxc6 Nxc6 43. Bf8 h5 44. Kd3 Kd5 45. Bc5 a5 46. f3
a4 47. bxa4 bxa4 48. Kc3 Nd8 0-1

[Event "12sen.WM-H Naumburg"]
[Site "Naumburg/Saale(20.10.-03.11.)"]
[Date "2002.10.25"]
[Round "5"]
[White "Malich, Burkhard_Dr"]
[Black "Zoltek, Tadeuz"]
[Result "1/2-1/2"]
[WhiteElo "2370"]
[BlackElo "2317"]
[PlyCount "60"]
[EventDate "2002.11.??"]

1. d4 d5 2. c4 e6 3. Nc3 Nf6 4. Bg5 Be7 5. e3 O-O 6. Nf3 Nbd7 7. Qc2 c5 8. cxd5
Nxd5 9. Bxe7 Qxe7 10. Nxd5 exd5 11. dxc5 Nxc5 12. Be2 Be6 13. O-O Rfc8 14. Qd2
Ne4 15. Qd4 Qc5 16. Bd3 Qxd4 17. Nxd4 Nd6 18. Rfd1 g6 19. Kf1 Kf8 20. Ke2 Ke7
21. f3 Bd7 22. Kf2 Rc7 23. Rac1 Rac8 24. Rxc7 Rxc7 25. g4 h6 26. h4 Rc8 27. Rh1
a6 28. h5 g5 29. Rd1 Rf8 30. Rc1 Rc8 1/2-1/2

[Event "12sen.WM-H Naumburg"]
[Site "Naumburg/Saale(20.10.-03.11.)"]
[Date "2002.10.25"]
[Round "5"]
[White "Meszaros, Ignac"]
[Black "Khanukov, Boris"]
[Result "0-1"]
[WhiteElo "2144"]
[BlackElo "2370"]
[PlyCount "138"]
[EventDate "2002.11.??"]

1. Nf3 d5 2. g3 c5 3. Bg2 Nc6 4. d4 Nf6 5. O-O e6 6. c4 dxc4 7. Qa4 Bd7 8. Qxc4
cxd4 9. Nxd4 Rc8 10. Nxc6 Bxc6 11. Bxc6+ Rxc6 12. Qa4 Bc5 13. Nc3 O-O 14. Bg5
Qd4 15. Rad1 Qxa4 16. Nxa4 Be7 17. Nc3 h6 18. Bf4 a6 19. Rd3 Bb4 20. Bd2 Rfc8
21. Rd1 Bc5 22. Be3 Be7 23. h3 b5 24. a3 Kf8 25. Kg2 Ke8 26. f4 h5 27. Bf2 Rc4
28. Be1 h4 29. e3 hxg3 30. Kxg3 Rd8 31. Rxd8+ Bxd8 32. Kf3 Be7 33. Rd3 Nd7 34.
Ne4 Rxe4 35. Kxe4 Nc5+ 36. Kd4 Nxd3 37. Kxd3 Kd7 38. Bc3 g6 39. Be5 Kc6 40. Bc3
f5 41. e4 Bc5 42. b4 Bf2 43. Ke2 Bh4 44. Kf3 Be7 45. Ke3 Bd6 46. Kf3 a5 47. Ke3
a4 48. Kf3 Kd7 49. Ke3 Bc7 50. Kf3 Bb6 51. Bb2 Ke7 52. exf5 exf5 53. Ke2 Ke6
54. Kd3 Kd5 55. Bc3 Bc7 56. Bd2 Bd6 57. Bc1 Be7 58. Bb2 Bf8 59. Bc3 Bh6 60. Be5
Bf8 61. Bc3 Be7 62. Bb2 g5 63. fxg5 Bxg5 64. Bc3 Bc1 65. h4 Bxa3 66. h5 Bc1 67.
Bg7 Ke6 68. h6 Kf7 69. Kc2 Bg5 0-1

[Event "12sen.WM-H Naumburg"]
[Site "Naumburg/Saale(20.10.-03.11.)"]
[Date "2002.10.25"]
[Round "5"]
[White "Robitsch, Hermann"]
[Black "Gruzmann, Boris"]
[Result "0-1"]
[WhiteElo "2077"]
[BlackElo "2265"]
[PlyCount "96"]
[EventDate "2002.11.??"]

1. e4 c5 2. c3 d5 3. exd5 Qxd5 4. d4 e6 5. Nf3 Nf6 6. Be2 Be7 7. O-O O-O 8. c4
Qd8 9. Nc3 cxd4 10. Nxd4 e5 11. Ndb5 Nc6 12. Qxd8 Bxd8 13. Nd6 Nd4 14. Bd1 Be6
15. Nxb7 Bxc4 16. Re1 Bc7 17. Nc5 Rfc8 18. N5e4 Nxe4 19. Nxe4 Rab8 20. Nd2 Bd5
21. Nb3 Ne6 22. Be3 a5 23. Bg4 g6 24. Nc5 f5 25. Nxe6 Bxe6 26. Be2 Rxb2 27. a4
Bd6 28. Ba6 Rc3 29. Rec1 Bb4 30. h3 Kf7 31. Bb5 Kf6 32. Rxc3 Bxc3 33. Rc1 Rb3
34. g3 g5 35. h4 gxh4 36. gxh4 f4 37. Bb6 Kf5 38. Rd1 e4 39. Bc5 Bf6 40. Be2
Bxh4 41. Rc1 Bd5 42. Bb5 e3 43. fxe3 fxe3 44. Be2 Bf2+ 45. Kh2 Rb2 46. Bd3+ Kg4
47. Bxh7 Bg3+ 48. Kg1 Rg2+ 0-1

[Event "12sen.WM-H Naumburg"]
[Site "Naumburg/Saale(20.10.-03.11.)"]
[Date "2002.10.25"]
[Round "5"]
[White "Uhlmann, Wolfgang"]
[Black "Braun, Gottfried_Dr"]
[Result "1-0"]
[WhiteElo "2440"]
[BlackElo "2243"]
[PlyCount "88"]
[EventDate "2002.11.??"]

1. c4 e5 2. Nc3 f5 3. d4 exd4 4. Qxd4 Nc6 5. Qe3+ Qe7 6. Nd5 Qxe3 7. Bxe3 Bd6
8. O-O-O Nge7 9. Nf3 Nxd5 10. cxd5 Ne7 11. g3 b6 12. Bg2 Bb7 13. Nd4 a6 14. Nc2
O-O 15. Bf4 Nc8 16. Nd4 Bxf4+ 17. gxf4 Nd6 18. e3 Rae8 19. Rhg1 Rf6 20. Kb1 Ne4
21. Bxe4 Rxe4 22. Rc1 c6 23. dxc6 dxc6 24. Rgd1 Re7 25. Nf3 c5 26. Ne5 Rf8 27.
Nd7 Be4+ 28. Ka1 Bf3 29. Rd6 Rfe8 30. Nxb6 Re6 31. Nc4 Be2 32. Rxe6 Rxe6 33.
Ne5 Rd6 34. b4 c4 35. Kb2 Rh6 36. Rh1 Kf8 37. Kc3 Ke7 38. a4 Rh3 39. Nxc4 g5
40. fxg5 Bf3 41. Rb1 Rxh2 42. Rb2 Rg2 43. Ne5 Ba8 44. f4 Rg1 1-0

[Event "12sen.WM-H Naumburg"]
[Site "Naumburg/Saale(20.10.-03.11.)"]
[Date "2002.10.25"]
[Round "5"]
[White "Unzicker, Wolfgang"]
[Black "Reichenbach, Werner"]
[Result "1-0"]
[WhiteElo "2432"]
[BlackElo "2297"]
[PlyCount "60"]
[EventDate "2002.11.??"]

1. e4 d5 2. exd5 Qxd5 3. Nc3 Qa5 4. d4 Nf6 5. Nf3 c6 6. Bc4 Bg4 7. O-O e6 8. h3
Bxf3 9. Qxf3 Bd6 10. Ne4 Nxe4 11. Qxe4 O-O 12. Bxe6 Re8 13. Qf5 Qxf5 14. Bxf5
Na6 15. c3 Nc7 16. Bd2 Nd5 17. g3 g6 18. Bc2 c5 19. dxc5 Bxc5 20. Rfe1 Red8 21.
Bg5 f6 22. Bd2 Kg7 23. Rad1 f5 24. b4 Bf8 25. Bb3 Nf6 26. Be3 a6 27. Bd4 Rd6
28. Be5 Rxd1 29. Rxd1 Re8 30. f4 g5 1-0

[Event "12sen.WM-H Naumburg"]
[Site "Naumburg/Saale(20.10.-03.11.)"]
[Date "2002.10.25"]
[Round "5"]
[White "Weber, Siegfried[27Fech]"]
[Black "Ehlert, Joachim"]
[Result "0-1"]
[WhiteElo "1593"]
[BlackElo "1873"]
[PlyCount "58"]
[EventDate "2002.11.??"]

1. e4 c5 2. Nf3 e6 3. a3 Nc6 4. d4 cxd4 5. Nxd4 Nf6 6. Nc3 d6 7. Be3 g6 8. Be2
a6 9. Qd2 Bg7 10. Nxc6 bxc6 11. e5 Nd5 12. Nxd5 cxd5 13. f4 dxe5 14. fxe5 Bxe5
15. Bd4 Qd6 16. Bf3 O-O 17. c3 Bd7 18. Kf2 Bf4 19. Be3 Bxe3+ 20. Qxe3 Rab8 21.
b4 Rfc8 22. Rhc1 Bb5 23. a4 Bc4 24. g3 e5 25. Rd1 Qf6 26. Kg2 e4 27. Bg4 Rc7
28. Rd4 h5 29. Bd1 Qf1# 0-1

[Event "12sen.WM-H Naumburg"]
[Site "Naumburg/Saale(20.10.-03.11.)"]
[Date "2002.10.25"]
[Round "5"]
[White "Werchan, Hans_Dr"]
[Black "Zakhvatov, Vladimir"]
[Result "1-0"]
[WhiteElo "2121"]
[BlackElo "2314"]
[PlyCount "61"]
[EventDate "2002.11.??"]

1. Nf3 Nf6 2. c4 c5 3. Nc3 g6 4. d4 cxd4 5. Nxd4 Bg7 6. e4 O-O 7. Be2 Nc6 8.
Nc2 d6 9. Be3 b6 10. Qd2 Re8 11. Rc1 Ne5 12. f3 Bb7 13. O-O Rc8 14. b3 Qc7 15.
Nd4 Qb8 16. Rfd1 h5 17. h3 Nfd7 18. Qe1 Nc5 19. g4 hxg4 20. hxg4 Nc6 21. Nxc6
Bxc6 22. g5 Rf8 23. Nd5 Bxd5 24. exd5 f5 25. f4 Kf7 26. Bf3 Rh8 27. Bxc5 dxc5
28. Qe6+ Kf8 29. d6 Bd4+ 30. Rxd4 cxd4 31. Qxe7+ 1-0